| Tag |
First Indicator |
Second Indicator |
Subfields |
| LEADER |
00000cam a2200000 a 4500 |
| 001 |
in00001281021 |
| 005 |
20151004061911.0 |
| 008 |
941026s1995 enka b 001 0 eng |
| 010 |
|
|
|a 94042780
|
| 020 |
|
|
|a 1857282795 (hb)
|
| 035 |
|
|
|a (OCoLC)31434617
|
| 035 |
|
|
|9 AGX5408AM
|
| 040 |
|
|
|a DLC
|c DLC
|d TXA
|d UtOrBLW
|
| 049 |
|
|
|a TXAM
|
| 050 |
0 |
0 |
|a TA174
|b .B57 1995
|
| 082 |
0 |
0 |
|a 620/.0042/0285
|2 20
|
| 100 |
1 |
|
|a Bloor, M. Susan,
|d 1941-
|
| 245 |
1 |
0 |
|a Product data exchange /
|c M. Susan Bloor and Jon Owen.
|
| 264 |
|
1 |
|a London ;
|a Bristol, Pa. :
|b UCL Press,
|c 1995.
|
| 300 |
|
|
|a xiii, 262 pages :
|b illustrations ;
|c 25 cm.
|
| 336 |
|
|
|a text
|b txt
|2 rdacontent
|
| 337 |
|
|
|a unmediated
|b n
|2 rdamedia
|
| 338 |
|
|
|a volume
|b nc
|2 rdacarrier
|
| 504 |
|
|
|a Includes bibliographical references (pages 249-258) and index.
|
| 650 |
|
0 |
|a Computer-aided design
|x Standards.
|
| 650 |
|
0 |
|a New products
|v Databases.
|
| 650 |
|
0 |
|a Computer-aided engineering.
|
| 700 |
1 |
|
|a Owen, Jon,
|d 1957-
|
| 999 |
|
|
|a MARS
|
| 999 |
f |
f |
|s 1767dd61-abcc-3366-aa33-ab30da2c9639
|i e164759a-b7c3-3e81-bf68-59f7923a1162
|t 0
|
| 952 |
f |
f |
|p ric
|a Texas A&M University
|b Rellis Campus
|c Joint Library Facility
|d Remote Storage
|t 0
|e TA174 .B57 1995
|h Library of Congress classification
|i unmediated -- volume
|m A14819841591
|
| 998 |
f |
f |
|a TA174 .B57 1995
|t 0
|l Remote Storage
|